| 000 | 00444cam a2200169 4500 | ||
|---|---|---|---|
| 001 | D12332 | ||
| 008 | 090401t1913 xxu||||| |||| 00| 0 eng d | ||
| 035 | _a(Sirsi) u2685 | ||
| 041 | _aeng | ||
| 110 |
_aCanada. Department of the Interior _9265 |
||
| 245 | _aManual of instruction for the survey of Dominion lands | ||
| 250 | _a8th | ||
| 260 |
_aOttawa _bGovernment Printing Bureau _c1913 |
||
| 350 | _a0 | ||
| 942 | _n0 | ||
| 948 | _c04/03/1997 | ||
| 999 |
_c85800 _d85800 |
||